| 000 | 00599nam a2200181Ia 4500 | ||
|---|---|---|---|
| 008 | 151018s9999 xx 000 0 und d | ||
| 082 |
_bRBASDV11383 _a920 |
||
| 100 | _aदलाल | ||
| 245 | _aमहाराज (सचित्र शिवचरित्र) | ||
| 250 | _b2 | ||
| 260 |
_bदाबके मु.प्र. _c1975 |
||
| 300 | _a152 | ||
| 600 | _aदलाल | ||
| 630 | _aमहाराज (सचित्र शिवचरित्र) | ||
| 700 | _aदलाल | ||
| 730 | _aमहाराज (सचित्र शिवचरित्र) | ||
| 942 | _cBOOK | ||
| 999 |
_c1013729 _d1013726 |
||